000
00262nam a22001097a 4500
003
OSt
008
250207b |||||||| |||| 00| 0 eng d
041
_a
eng
100
_a
Hudson, Norman W
_9
7105
245
_a
Soil and Water Conservation Semi Arid Areas
942
_c
BK
999
_c
19337
_d
19337